Statistiques concernant Devinez le Pays Mystère #99

Cliquez ici pour prendre le quiz!

Statistiques générales

  • Ce quiz a été pris 247 fois
  • Le résultat moyen est 14 sur 17

Statistiques - réponses

Type de RéponseRéponse% Correct
Lettre TrouvéeA
97%
Lettre TrouvéeE
97%
Lettre TrouvéeI
96%
Lettre Bien PlacéeE
94%
Lettre TrouvéeL
93%
Lettre Bien PlacéeI
84%
Lettre Bien PlacéeI
78%
Lettre TrouvéeI
78%
Lettre TrouvéeM
78%
Lettre Bien PlacéeA
77%
Lettre TrouvéeA
77%
Lettre Bien PlacéeL
77%
Lettre TrouvéeS
73%
Lettre Bien PlacéeA
70%
Lettre Bien PlacéeM
66%
Pays MystèreMalaisie
64%
Lettre Bien PlacéeS
64%

Distribution des résultats

Percentile par nombre de réponses

% des personnes avec chaque résultat

Votre développement - résultats

Vous n’avez pas pris ce quiz